| 000 | 00653nam a2200205Ia 4500 | ||
|---|---|---|---|
| 003 | GCL | ||
| 008 | 140319s9999 xx 000 0 ara d | ||
| 040 |
_aGCL / _cGCL |
||
| 082 | 0 | 4 |
_a823.03 _bس ا |
| 100 | 1 | _aسكوت، سبر ولتر | |
| 245 | 1 | 0 |
_aايفانهو (هدية من الاديب عبدالفتاح الجمل) / _cسكوت، سبر ولتر |
| 700 | 1 | _aمراد الزمر (مترجم) | |
| 700 | 1 | _aمصطفى حبيب | |
| 300 | _a659 ص | ||
| 490 |
_aالالف كتاب _v0 |
||
| 650 | 0 | 4 | _aالادب الانجليزى |
| 650 | 0 | 4 | _aالقصص الطويلة |
| 650 | 0 | 4 | _aالقصة الانجليزية |
| 942 |
_2ddc _cBK |
||
| 999 |
_c39502 _d39502 |
||